000
00347 a2200169 4500
001
188149
020
_a
85-209-0453-X
040
_c
Magnum
100
_a
Rosa, Joao Guimaraes
240
1
0
_a
Tutaméia
_l
por
245
1
0
_a
Tutaméia
300
_a
227
362
0
_a
1985
440
1
_a
Nova Fronteira
697
_a
LITERATURA GERAL
942
_c
BK
999
_c
188149
_d
188149